Código del trabajo: anotado, concordado y con jurisprudencia judicial y administrativa
Na minha lista:
| Autor principal: | |
|---|---|
| Formato: | Livro |
| Idioma: | espanhol |
| Publicado em: |
Santiago
Encina
1969
|
| Assuntos: | |
| Tags: |
Adicionar Tag
Sem tags, seja o primeiro a adicionar uma tag!
|
MARC
| LEADER | 00000nam a2200000 a 4500 | ||
|---|---|---|---|
| 001 | UCS3641 | ||
| 003 | CL-VaPUC | ||
| 008 | 970704e19690000CL |||||||||||||||||spa|d | ||
| 082 | 0 | 4 | |a 344.8301 |b GAE |2 21 |
| 100 | |a Gaete Berríos, Alfredo |e autor |9 480656 | ||
| 245 | 1 | 0 | |a Código del trabajo: anotado, concordado y con jurisprudencia judicial y administrativa |
| 300 | |a 4 v | ||
| 942 | |c BK | ||
| 945 | |d 19970704 00:00:00 |a lriquelm | ||
| 260 | |a Santiago |b Encina |c 1969 | ||
| 650 | 7 | |a DERECHO LABORAL |2 CL-VaPUC |9 15 | |
| 650 | 7 | |a CONTRATO DE TRABAJO |2 CL-VaPUC |9 389831 | |
| 650 | 0 | |a Empresas |9 255569 | |
| 650 | 7 | |a REMUNERACIONES |2 CL-VaPUC |9 371777 | |
| 651 | 7 | |a CHILE |2 CL-VaPUC |9 389832 | |
| 583 | |a last modification |c 20170712 04:58:01 |k Rodrigo Vera | ||
| 999 | |c 261277 |d 261275 | ||
| 952 | |0 0 |1 0 |4 0 |6 344_830100000000000_GAE_1969 |7 0 |8 A |9 288564 |a BIBDER |b BIBDER |d 2019-11-19 |h v.1 |i 1868691 |l 1 |o 344.8301 GAE 1969 |p 1868691 |r 2023-01-25 |s 2022-04-22 |w 2019-11-19 |y BK |k DER | ||
| 952 | |0 0 |1 0 |4 0 |6 344_830100000000000_GAE_1969 |7 0 |8 A |9 288565 |a BIBDER |b BIBDER |d 2019-11-19 |h v.2 |i 1868705 |l 1 |o 344.8301 GAE 1969 |p 1868705 |r 2023-01-25 |s 2022-04-22 |w 2019-11-19 |y BK |k DER | ||
| 952 | |0 0 |1 0 |4 0 |6 344_830100000000000_GAE_1969 |7 0 |8 A |9 288566 |a BIBDER |b BIBDER |d 2019-11-19 |h v.3 |i 1868713 |l 1 |o 344.8301 GAE 1969 |p 1868713 |r 2023-01-25 |s 2022-04-22 |w 2019-11-19 |y BK |k DER | ||
| 952 | |0 0 |1 0 |4 0 |6 344_830100000000000_GAE_1969 |7 0 |8 A |9 288567 |a BIBDER |b BIBDER |d 2019-11-19 |h v.4 |i 1868721 |l 1 |o 344.8301 GAE 1969 |p 1868721 |r 2023-01-25 |s 2022-04-22 |w 2019-11-19 |y BK |k DER | ||